| 000 -CABECERA |
| fixed length control field |
01181nam a22002417a 4500 |
| 003 - IDENTIFICADOR DEL NÚMERO DE CONTROL |
| control field |
AR-CdUCM |
| 008 - DATOS DE LONGITUD FIJA--INFORMACIÓN GENERAL |
| fixed length control field |
190425b ||||| |||| 00| 0 spa d |
| 040 ## - FUENTE DE LA CATALOGACIÓN |
| Agencia/entidad que catalogó originalmente la obra |
MUNICIPALIDAD PROVINCIAL DEL CUSCO |
| Entidad que transcribió la catalogación |
BIBLIOTECA MUNICIPAL DEL CUSCO |
| 082 ## - NÚMERO DE LA CLASIFICACIÓN DECIMAL DEWEY |
| No. de Clasificación |
Cultura/N°2/2000 |
| 245 ## - MENCIÓN DE TÍTULO |
| Título |
Cultura y Patrimonio : |
| Resto del título |
órgano del comité cívico de Defensa del Patrimonio Cultural del Cusco / |
| 260 ## - PUBLICACIÓN, DISTRIBUCIÓN, ETC. |
| Lugar de publicación, distribución, etc. |
Cusco. |
| Nombre de la editorial, distribuidor, etc. |
Pantigozo, |
| Fecha de publicación, distribución, etc. |
2000. |
| 300 ## - DESCRIPCIÓN FÍSICA |
| Nº de Páginas Extensión |
24 páginas. : |
| Otros detalles físicos |
ilustraciones ; |
| Dimensiones |
29 cm. |
| 440 ## - MENCIÓN DE SERIE/PUNTO DE ACCESO ADICIONAL--TÍTULO |
| Título |
Cultura y Patrimonio. |
| Número de la parte/sección de una obra |
N°2, mayo junio 2000. |
| 9 (RLIN) |
47681 |
| 505 ## - NOTA DE CONTENIDO CON FORMATO |
| Nota de contenido formateada |
Contenido: Comisión revisoras de proyectos arquitectónicos. -- La convertida historia del Hotel Libertador. -- Cusco ciudad museo. -- Tradición forestal de especies nativas del Cusco. -- Importancia de la conservación del Patrimonio Cultural. -- Nuevas construcciones atípicas en el centro histórico. -- Waqrapucara. |
| 650 ## - PUNTO DE ACCESO ADICIONAL DE MATERIA--TÉRMINO DE MATERIA |
| Descriptor |
Sociedad cusqueña |
| 9 (RLIN) |
47493 |
| 650 ## - PUNTO DE ACCESO ADICIONAL DE MATERIA--TÉRMINO DE MATERIA |
| Descriptor |
Barrios populares |
| 9 (RLIN) |
47677 |
| 650 ## - PUNTO DE ACCESO ADICIONAL DE MATERIA--TÉRMINO DE MATERIA |
| Descriptor |
Centro Histórico Cusco |
| 9 (RLIN) |
46767 |
| 700 ## - PUNTO DE ACCESO ADICIONAL--NOMBRE DE PERSONA |
| Nombre Personal |
Calvo Calvo, Rossano |
| 9 (RLIN) |
44156 |
| 700 ## - PUNTO DE ACCESO ADICIONAL--NOMBRE DE PERSONA |
| Nombre Personal |
Saloma Gonzáles, Adolfo |
| 9 (RLIN) |
47572 |
| 700 ## - PUNTO DE ACCESO ADICIONAL--NOMBRE DE PERSONA |
| Nombre Personal |
Solis Villafuerte, Roger |
| 9 (RLIN) |
47682 |
| 942 ## - ELEMENTOS DE PUNTO DE ACCESO ADICIONAL (KOHA) |
| Fuente de clasificación |
|
| Tipo de item |
Revistas cusqueñas |
| 945 ## - PROCESAMIENTO DE INFORMACIÓN LOCAL (OCLC) |
| Catalogador |
rac |